000 00584nam a2200217Ia 4500
003 OSt
005 20220928134916.0
006 a|||||r|||| 00| 0
007 ta
008 220927b |||||||| |||| 00| 0 eng d
024 _a215
037 _cTextual
040 _aSDCL
_cSDCL
_beng
041 _2eng
_aeng
082 _aXxM99, K5
100 _aKalecki M
245 0 _aTheory of economics dynamics
_b An essay on cyclical and long-run changes in capitalist economy
260 _c1965
942 _hXxM99, K5
_cTEXL
_2CC
999 _c804277
_d804277